Géographie de la France par lettre - E - Statistiques

Statistiques générales
  • Ce quiz a été pris 20 611 fois
    18 980 depuis la dernière actualisation
  • Le résultat moyen est 9 sur 20
Statistiques - réponses
Question Réponse % Correct
Pays frontalier de la France Espagne
99%
Monument emblématique de Paris édifié pour l'exposition universelle de 1889 Tour {Eiffel}
91%
Département d'Île-de-France Essonne
86%
Département normand Eure
77%
Chef-lieu de ce dernier Evry-Courcouronnes
75%
Commune de Seine-Maritime, connue pour ses falaises de craie blanche Etretat
66%
Chef-lieu de ce département Evreux
55%
Celui de la Loire va de Nantes à Saint-Nazaire Estuaire
53%
Ville vosgienne connue pour ses images Epinal
50%
Ville de près de 10 000 habitants située sur les bords du Léman Evian-les-Bains
46%
Massif à cheval sur les Hautes-Alpes et l'Isère, protégé par un parc national Massif des {Ecrins}
35%
Ville importante de la banlieue de Grenoble Echirolles
30%
Ville de Seine-Saint-Denis; peuplée de plus de 50 000 habitants {Epinay}-sur-Seine
22%
Sous-préfecture de ce département située entre Paris et Orléans Etampes
22%
Commune des Alpes-Maritimes, en trois lettres et située entre Nice et Monaco Eze
19%
Sous préfecture et troisième ville la plus peuplée de la Marne Epernay
17%
Cours d'eau rejoignant la Loire à Nantes Erdre
16%
Petit massif volcanique s'étendant sur le Var et les Alpes-Maritimes Massif de l'{Esterel}
16%
Fleuve prenant sa source dans l'Aisne et se jetant aux Pays-Bas Escaut
13%
Nom donné à ces 5 îles françaises situées aux alentours de Madagascar Îles {Eparses}
9%
Aucun quiz correspondant
Distribution des résultats
% des personnes avec chaque résultat
Percentile par nombre de réponses
Votre historique - résultats
Vous n’avez pas pris ce quiz depuis la dernière actualisation